00524nam a2200157Ia 450000500170000000800410001704100080005808200160006610000450008224500220012726000540014930000090020365000200021299900190023295201150025120250729165754.0250729s2012 xx 000 0 und d aeng a530.25 COMP aCommisionarate of Pre University9232607 aPhysics - I P U C aBangalorebCommisionarate of Pre Universityc2012 a180p aPhysics9232608 c239867d239867 00104070aALbALd2025-07-29eManagement Bookl0o530.25 COMPpBED05186r2025-07-29 16:57:54w2025-07-29yBK